| 000 | 00440nam a22001697a 4500 | ||
|---|---|---|---|
| 005 | 20170501153015.0 | ||
| 010 | _aENG-117998 | ||
| 020 |
_a9789350090602 _c499.00 |
||
| 035 | _aEN-101530 | ||
| 037 | _bDBAD/PUB | ||
| 082 | _aS | ||
| 100 | _aDhondy, Farrukh | ||
| 245 |
_aCambridge company/ _cby Farrukh Dhondy |
||
| 260 |
_aGurgaon _bHachette Books Publishing India _c2016 |
||
| 300 |
_avi,228p. _c20cm.(Hb) |
||
| 942 |
_2ddc _cEN _hS _mDHO |
||
| 999 |
_c139394 _d139394 |
||